000 01661cam a2200457Ii 4500
001 sjds961108119
003 sjds
005 20170529170638.0
008 161024s2017 nyuab j b 001 0 spa d
020 _a9781482452723
020 _a1482452723
035 _a(OCoLC)961108119
035 _a1579330
035 _a(OCoLC)ocn961108119
035 _a(Pol)1579330
040 _aGO8
_beng
_erda
_cGO8
_dOCLCO
_dOCLCF
_dNYP
_dOCLCQ
_dDPL
041 1 _aspa
_heng
043 _an-ust--
082 0 4 _a974.004/97
_223
099 _aj979.00497
_aHayes
_aSPANISH
100 1 _aHayes, Amy,
_eauthor.
240 1 0 _aNative peoples of the Southwest.
_lSpanish.
245 1 0 _aPueblos indígenas del Suroeste /
_cpor Amy Hayes ; traducido por Esther Sarfatti.
246 3 0 _aSuroeste.
250 _aFirst edition.
260 _aNew York, NY :
_bGareth Stevens Publishing,
_c2017.
264 1 _aNew York, NY :
_bGareth Stevens Publishing,
_c2017.
300 _a32 pages :
_billustrations (some color), color maps ;
_c23 cm.
336 _atext
_btxt
_2rdacontent.
337 _aunmediated
_bn
_2rdamedia.
338 _avolume
_bnc
_2rdacarrier.
490 1 _aPueblos indígenas de Norteamérica.
500 _aTítulo original: Native peoples of the Southwest.
504 _aIncludes bibliographical references (page 31) and index.
546 _aText in Spanish. Texto en espa©łol.
650 0 _aIndians of North America
_zSouthwestern States
_xHistory
_vJuvenile literature.
650 1 _aIndians of North America
_zSouthwestern States.
700 1 _aSarfatti, Esther,
_etranslator.
830 0 _aNative peoples of North America.
_lSpanish.
942 _2ddc
_cBK
999 _c17340
_d17340